[Event "DEM U10w 2018"]
[Site "Willingen GER"]
[Date "2018.05.23"]
[Round "6"]
[White "Stepanjan, Marianne"]
[Black "Peglau, Dora"]
[Result "1-0"]
[Termination "normal"]
[Board "1"]
[WhiteElo "1246"]
[BlackElo "1203"]
[WhiteClock "00:15:46"]
[BlackClock "00:09:46"]
[PlyCount "129"]
[WhiteFideId "16246110"]
[BlackFideId "16220005"]
[EventCountry "GER"]
[EventRounds "11"]
[EventType "swiss"]
[EventDate "2018.05.19"]

1. e4 {[%clk 1:15:58]} 1... c6 {[%clk 1:15:54]} 2. d4 {[%clk 1:16:03]} 2... d5
{[%clk 1:16:17]} 3. exd5 {[%clk 1:16:02]} 3... cxd5 {[%clk 1:16:36]} 4. c4 {
[%clk 1:15:21]} 4... e6 {[%clk 1:16:55]} 5. Nf3 {[%clk 1:14:13]} 5... Nf6 {
[%clk 1:16:50]} 6. Nc3 {[%clk 1:12:56]} 6... Nc6 {[%clk 1:16:16]} 7. Bf4 {
[%clk 1:10:59]} 7... Bb4 {[%clk 1:13:24]} 8. a3 {[%clk 1:10:15]} 8... Bxc3+ {
[%clk 1:12:46]} 9. bxc3 {[%clk 1:09:52]} 9... O-O {[%clk 1:11:38]} 10. Bd3 {
[%clk 1:09:04]} 10... dxc4 {[%clk 1:10:03]} 11. Bxc4 11... Qa5 {[%clk 0:59:51]}
12. Qb3 {[%clk 1:01:09]} 12... Qf5 {[%clk 0:40:12]} 13. Be3 {[%clk 0:57:28]}
13... Na5 {[%clk 0:38:43]} 14. Qb5 {[%clk 0:48:08]} 14... Nxc4 {[%clk 0:36:50]}
15. Qxc4 {[%clk 0:48:07]} 15... Nd5 {[%clk 0:34:48]} 16. O-O {[%clk 0:44:47]}
16... Bd7 {[%clk 0:30:17]} 17. Rfc1 {[%clk 0:41:31]} 17... Rfc8 {[%clk 0:25:43]
} 18. Qb3 {[%clk 0:39:13]} 18... Rc7 {[%clk 0:22:54]} 19. c4 {[%clk 0:38:04]}
19... Nxe3 {[%clk 0:21:22]} 20. fxe3 {[%clk 0:37:02]} 20... Rac8 { [%clk
0:19:05]} 21. c5 {[%clk 0:33:59]} 21... b6 {[%clk 0:19:06]} 22. Ne5 { [%clk
0:30:31]} 22... bxc5 {[%clk 0:16:03]} 23. Nxd7 {[%clk 0:29:18]} 23... Rxd7
{[%clk 0:16:16]} 24. Rxc5 {[%clk 0:29:05]} 24... Qxc5 {[%clk 0:10:53]} 25. dxc5
{[%clk 0:29:06]} 25... h6 {[%clk 0:11:08]} 26. Rd1 {[%clk 0:27:06]} 26... Rxd1+
{[%clk 0:10:20]} 27. Qxd1 {[%clk 0:27:27]} 27... Rxc5 {[%clk 0:10:06]} 28. Qa4
{[%clk 0:24:49]} 28... Rc7 {[%clk 0:10:01]} 29. Qd4 {[%clk 0:24:25]} 29... Rb7
{[%clk 0:10:05]} 30. Qc4 {[%clk 0:23:12]} 30... Re7 {[%clk 0:09:31]} 31. Qc5
{[%clk 0:22:15]} 31... Kf8 {[%clk 0:08:43]} 32. a4 {[%clk 0:21:51]} 32... f6
{[%clk 0:08:43]} 33. a5 {[%clk 0:21:44]} 33... Ke8 {[%clk 0:07:40]} 34. Kf2
{[%clk 0:19:36]} 34... Rd7 {[%clk 0:06:07]} 35. a6 {[%clk 0:19:07]} 35... Kf7
{[%clk 0:06:10]} 36. Qh5+ {[%clk 0:17:53]} 36... Kf8 {[%clk 0:05:14]} 37. Qb5
{[%clk 0:17:27]} 37... Ke7 {[%clk 0:04:35]} 38. Kf3 {[%clk 0:16:39]} 38... Ke8
{[%clk 0:04:19]} 39. Qb8+ {[%clk 0:16:39]} 39... Ke7 {[%clk 0:03:00]} 40. e4
{[%clk 0:16:26]} 40... Rd3+ {[%clk 0:01:33]} 41. Kf4 {[%clk 0:15:32]} 41... g5+
{[%clk 0:00:34]} 42. Kg4 {[%clk 0:15:38]} 42... Rd7 {[%clk 0:00:31]} 43. h4
{[%clk 0:14:24]} 43... Kf7 {[%clk 0:14:56]} 44. Qc8 {[%clk 0:25:31]} 44... Re7
{[%clk 0:14:44]} 45. hxg5 {[%clk 0:25:27]} 45... hxg5 {[%clk 0:14:44] } 46. Kh5
{[%clk 0:23:27]} 46... Re8 {[%clk 0:14:12]} 47. Qb7+ {[%clk 0:21:46]} 47... Re7
{[%clk 0:14:31]} 48. Qb1 {[%clk 0:21:30]} 48... e5 {[%clk 0:12:48]} 49. Qf1
{[%clk 0:20:37]} 49... Re6 {[%clk 0:10:52]} 50. Qc4 {[%clk 0:16:12]} 50... Ke7
{[%clk 0:06:57]} 51. Qc7+ {[%clk 0:16:15]} 51... Kf8 {[%clk 0:06:58]} 52. Qxa7
{[%clk 0:16:02]} 52... Re7 {[%clk 0:07:16]} 53. Qc5 {[%clk 0:15:34]} 53... Kf7
{[%clk 0:07:35]} 54. a7 {[%clk 0:15:45]} 54... Re8 {[%clk 0:07:25]} 55. Qd5+
{[%clk 0:15:46]} 55... Kf8 {[%clk 0:07:10]} 56. a8=Q {[%clk 0:15:58]} 56...
Rxa8 {[%clk 0:07:30]} 57. Qxa8+ {[%clk 0:16:06]} 57... Ke7 { [%clk 0:07:59]}
58. Qd5 {[%clk 0:16:13]} 58... g4 {[%clk 0:08:10]} 59. Kg6 { [%clk 0:15:46]}
59... Ke8 {[%clk 0:08:16]} 60. Qf7+ {[%clk 0:15:18]} 60... Kd8 {[%clk 0:08:29]}
61. Kxf6 {[%clk 0:15:19]} 61... Kc8 {[%clk 0:08:42]} 62. Ke6 { [%clk 0:15:41]}
62... Kb8 {[%clk 0:09:02]} 63. Kd6 {[%clk 0:15:26]} 63... Ka8 { [%clk 0:09:21]}
64. Kc6 {[%clk 0:15:46]} 64... Kb8 {[%clk 0:09:46]} 65. Qb7# 1-0

[Event "DEM U10w 2018"]
[Site "Willingen GER"]
[Date "2018.05.23"]
[Round "6"]
[White "Peglau, Charis"]
[Black "Bräutigam, Katerina"]
[Result "1-0"]
[Termination "normal"]
[Board "2"]
[WhiteElo "1324"]
[BlackElo "1728"]
[WhiteClock "00:22:47"]
[BlackClock "00:00:43"]
[PlyCount "77"]
[WhiteFideId "16219996"]
[BlackFideId "16242980"]
[EventCountry "GER"]
[EventRounds "11"]
[EventType "swiss"]
[EventDate "2018.05.19"]

1. Nf3 {[%clk 1:15:58]} 1... g6 {[%clk 1:15:32]} 2. e4 {[%clk 1:15:52]} 2... d5
{[%clk 1:15:21]} 3. exd5 {[%clk 1:15:29]} 3... Qxd5 {[%clk 1:15:31]} 4. d4 {
[%clk 1:14:44]} 4... Bg7 {[%clk 1:14:23]} 5. c4 {[%clk 1:14:32]} 5... Qd8 {
[%clk 1:13:42]} 6. Be2 {[%clk 1:14:02]} 6... Bf5 {[%clk 1:12:55]} 7. Nc3 {
[%clk 1:13:48]} 7... Nf6 {[%clk 1:10:39]} 8. O-O {[%clk 1:14:03]} 8... O-O {
[%clk 1:10:53]} 9. Bg5 {[%clk 1:12:53]} 9... Nbd7 {[%clk 1:10:13]} 10. Re1 {
[%clk 1:12:21]} 10... e6 {[%clk 1:06:25]} 11. Bd3 {[%clk 1:08:45]} 11... Bxd3 {
[%clk 1:06:22]} 12. Qxd3 {[%clk 1:09:08]} 12... c5 {[%clk 0:57:08]} 13. d5 {
[%clk 1:07:57]} 13... Nb6 {[%clk 0:46:29]} 14. Rad1 {[%clk 1:04:53]} 14... exd5
{[%clk 0:43:06]} 15. cxd5 {[%clk 1:03:29]} 15... Qd6 {[%clk 0:40:27]} 16. Bxf6
{[%clk 1:01:58]} 16... Qxf6 {[%clk 0:37:53]} 17. Qb5 {[%clk 1:00:16]} 17...
Rac8 {[%clk 0:34:11]} 18. Re2 {[%clk 0:52:36]} 18... Qd8 {[%clk 0:27:29]} 19.
d6 {[%clk 0:46:25]} 19... Qd7 {[%clk 0:24:55]} 20. Re7 {[%clk 0:42:56]} 20...
Qxb5 {[%clk 0:23:32]} 21. Nxb5 {[%clk 0:42:53]} 21... Bxb2 {[%clk 0:21:16]} 22.
Rxb7 {[%clk 0:42:41]} 22... Rb8 {[%clk 0:18:22]} 23. Rxa7 {[%clk 0:41:55]}
23... Nc8 {[%clk 0:17:01]} 24. Ra5 {[%clk 0:42:05]} 24... c4 {[%clk 0:16:24]}
25. Na3 {[%clk 0:41:21]} 25... c3 {[%clk 0:16:23]} 26. Nc2 {[%clk 0:41:45]}
26... Nb6 {[%clk 0:12:34]} 27. Rc5 {[%clk 0:37:30]} 27... Rbc8 {[%clk 0:11:16]}
28. Rxc8 {[%clk 0:37:25]} 28... Rxc8 {[%clk 0:11:30]} 29. Kf1 {[%clk 0:34:00]}
29... Rd8 {[%clk 0:11:27]} 30. Ne5 {[%clk 0:32:51]} 30... Nc8 {[%clk 0:09:26]}
31. Nc4 {[%clk 0:32:31]} 31... Na7 {[%clk 0:07:28]} 32. Rb1 {[%clk 0:30:30]}
32... Rb8 {[%clk 0:07:02]} 33. Ne5 {[%clk 0:29:51]} 33... Kg7 {[%clk 0:04:57]}
34. Nc4 {[%clk 0:28:57]} 34... Nc6 {[%clk 0:04:45]} 35. Rd1 {[%clk 0:27:29]}
35... Nd8 {[%clk 0:03:59]} 36. Re1 {[%clk 0:25:59]} 36... Ne6 {[%clk 0:02:28]}
37. Ne5 {[%clk 0:24:15]} 37... Nc5 {[%clk 0:01:25]} 38. Rd1 {[%clk 0:23:04]}
38... f6 {[%clk 0:00:43]} 39. Nc6 {[%clk 0:22:47]} 1-0

[Event "DEM U10w 2018"]
[Site "Willingen GER"]
[Date "2018.05.23"]
[Round "6"]
[White "Mirnaya, Veronika"]
[Black "Trunz, Michelle"]
[Result "0-1"]
[Termination "normal"]
[Board "3"]
[WhiteElo "1036"]
[BlackElo "1312"]
[WhiteClock "00:55:49"]
[BlackClock "00:52:26"]
[PlyCount "66"]
[WhiteFideId "16277406"]
[BlackFideId "16227980"]
[EventCountry "GER"]
[EventRounds "11"]
[EventType "swiss"]
[EventDate "2018.05.19"]

1. e4 {[%clk 1:15:57]} 1... c5 {[%clk 1:15:53]} 2. d4 {[%clk 1:16:18]} 2...
cxd4 {[%clk 1:16:10]} 3. c3 {[%clk 1:16:38]} 3... dxc3 {[%clk 1:16:30]} 4. Nxc3
{[%clk 1:17:04]} 4... Nc6 {[%clk 1:16:42]} 5. Nf3 {[%clk 1:17:19]} 5... d6 {
[%clk 1:16:25]} 6. Bc4 {[%clk 1:17:35]} 6... Nf6 {[%clk 1:16:32]} 7. e5 { [%clk
1:17:42]} 7... Nd7 {[%clk 1:14:53]} 8. exd6 {[%clk 1:16:33]} 8... exd6 { [%clk
1:13:55]} 9. Ng5 {[%clk 1:16:39]} 9... Nde5 {[%clk 1:13:06]} 10. Bb3 { [%clk
1:16:14]} 10... Be7 {[%clk 1:13:07]} 11. Nge4 {[%clk 1:14:36]} 11... Bf5 {[%clk
1:10:19]} 12. O-O {[%clk 1:14:26]} 12... O-O {[%clk 1:10:05]} 13. Bf4 { [%clk
1:11:43]} 13... Bg6 {[%clk 1:08:10]} 14. Re1 {[%clk 1:09:48]} 14... h6 { [%clk
1:06:06]} 15. Qd2 {[%clk 1:08:32]} 15... Nb4 {[%clk 1:03:26]} 16. Re3 { [%clk
1:04:27]} 16... Nbd3 {[%clk 1:03:08]} 17. Rxd3 {[%clk 1:03:48]} 17... Nxd3
{[%clk 1:03:08]} 18. Qxd3 {[%clk 1:04:08]} 18... Qd7 {[%clk 1:01:44]} 19. Qg3
{[%clk 1:04:02]} 19... Rad8 {[%clk 1:01:09]} 20. Qxg6 {[%clk 1:03:58]} 20...
Kh8 {[%clk 0:58:54]} 21. Qh5 {[%clk 1:03:21]} 21... d5 {[%clk 0:55:56]} 22.
Bxd5 {[%clk 1:02:30]} 22... Bb4 {[%clk 0:55:21]} 23. Rd1 {[%clk 1:00:06]} 23...
Bxc3 {[%clk 0:55:35]} 24. bxc3 {[%clk 0:59:40]} 24... Qa4 {[%clk 0:55:24] } 25.
Bxh6 {[%clk 0:58:34]} 25... g6 {[%clk 0:53:49]} 26. Bg5+ {[%clk 0:57:29]} 26...
gxh5 {[%clk 0:53:46]} 27. Bf6+ {[%clk 0:56:12]} 27... Kg8 {[%clk 0:53:50] } 28.
Rd2 {[%clk 0:55:57]} 28... Qb5 {[%clk 0:52:53]} 29. Bb3 {[%clk 0:55:18]} 29...
Rxd2 {[%clk 0:53:08]} 30. Nxd2 {[%clk 0:55:39]} 30... Qe2 {[%clk 0:53:11] } 31.
Nf3 {[%clk 0:55:40]} 31... a5 {[%clk 0:52:16]} 32. a4 {[%clk 0:55:50]} 32...
Qb2 {[%clk 0:52:16]} 33. Bd1 {[%clk 0:55:49]} 33... Qb1 {[%clk 0:52:26]} 0-1

[Event "DEM U10w 2018"]
[Site "Willingen GER"]
[Date "2018.05.23"]
[Round "6"]
[White "Ottlik, Marie"]
[Black "Arnold, Rubina"]
[Result "1/2-1/2"]
[Termination "normal"]
[Board "4"]
[WhiteElo "1190"]
[BlackElo "1133"]
[WhiteClock "00:20:50"]
[BlackClock "00:45:02"]
[PlyCount "134"]
[WhiteFideId "16281730"]
[BlackFideId "16276272"]
[EventCountry "GER"]
[EventRounds "11"]
[EventType "swiss"]
[EventDate "2018.05.19"]

1. e4 {[%clk 1:15:57]} 1... b6 {[%clk 1:14:56]} 2. d4 {[%clk 1:15:46]} 2... Bb7
{[%clk 1:15:15]} 3. Nc3 {[%clk 1:15:48]} 3... e6 {[%clk 1:15:34]} 4. a3 { [%clk
1:15:27]} 4... Nf6 {[%clk 1:15:16]} 5. e5 {[%clk 1:15:15]} 5... Nd5 { [%clk
1:14:02]} 6. Nxd5 {[%clk 1:14:26]} 6... Bxd5 {[%clk 1:14:16]} 7. Nf3 { [%clk
1:14:30]} 7... Bb7 {[%clk 1:12:44]} 8. Bd3 {[%clk 1:13:56]} 8... c5 { [%clk
1:11:20]} 9. c3 {[%clk 1:13:11]} 9... d5 {[%clk 1:10:28]} 10. O-O { [%clk
1:12:39]} 10... Nc6 {[%clk 1:08:12]} 11. Bg5 {[%clk 1:06:13]} 11... Be7 { [%clk
1:07:30]} 12. Bxe7 {[%clk 1:02:52]} 12... Qxe7 {[%clk 1:07:49]} 13. Re1 { [%clk
1:01:11]} 13... O-O-O {[%clk 1:07:34]} 14. Qa4 {[%clk 0:59:37]} 14... c4 {[%clk
1:05:40]} 15. Bc2 {[%clk 0:59:20]} 15... g5 {[%clk 1:04:01]} 16. b3 { [%clk
0:56:17]} 16... Na5 {[%clk 1:00:15]} 17. bxc4 {[%clk 0:55:26]} 17... Nxc4
{[%clk 0:57:56]} 18. Qb4 {[%clk 0:54:15]} 18... Qxb4 {[%clk 0:58:00]} 19. axb4
{[%clk 0:54:32]} 19... h6 {[%clk 0:56:27]} 20. Rxa7 {[%clk 0:53:46]} 20... Kb8
{[%clk 0:56:28]} 21. Ra2 {[%clk 0:52:29]} 21... Rdg8 {[%clk 0:55:28]} 22. Bb3 {
[%clk 0:51:14]} 22... h5 {[%clk 0:55:38]} 23. Nd2 {[%clk 0:49:57]} 23... Nxd2 {
[%clk 0:55:49]} 24. Rxd2 {[%clk 0:50:15]} 24... b5 {[%clk 0:55:31]} 25. g3 {
[%clk 0:49:21]} 25... g4 {[%clk 0:55:41]} 26. Ra1 {[%clk 0:48:31]} 26... h4 {
[%clk 0:53:51]} 27. Ra5 {[%clk 0:47:32]} 27... Bc6 {[%clk 0:53:36]} 28. Ra6 {
[%clk 0:46:19]} 28... Kb7 {[%clk 0:53:45]} 29. Rda2 {[%clk 0:45:17]} 29... Kc7
{[%clk 0:53:22]} 30. Ra7+ {[%clk 0:44:32]} 30... Bb7 {[%clk 0:53:04]} 31. Bc2 {
[%clk 0:40:35]} 31... h3 {[%clk 0:52:53]} 32. Bd3 {[%clk 0:38:39]} 32... Kc6 {
[%clk 0:52:45]} 33. R7a5 {[%clk 0:37:36]} 33... Ra8 {[%clk 0:52:48]} 34. Bxb5+
{[%clk 0:36:33]} 34... Kc7 {[%clk 0:53:07]} 35. Rxa8 {[%clk 0:36:20]} 35...
Bxa8 {[%clk 0:53:17]} 36. c4 {[%clk 0:35:11]} 36... dxc4 {[%clk 0:53:21]} 37.
Bxc4 {[%clk 0:35:23]} 37... Kb7 {[%clk 0:53:25]} 38. Be2 {[%clk 0:31:53]} 38...
Rg8 {[%clk 0:53:08]} 39. f3 {[%clk 0:31:10]} 39... Kb6 {[%clk 0:52:57]} 40.
fxg4 {[%clk 0:30:08]} 40... Bd5 {[%clk 0:53:00]} 41. Ra6+ {[%clk 0:27:54]}
41... Kb7 {[%clk 0:53:18]} 42. Rd6 {[%clk 0:27:33]} 42... Kc7 {[%clk 0:53:12]}
43. Kf2 {[%clk 0:24:53]} 43... Rf8 {[%clk 0:53:12]} 44. Bf3 {[%clk 0:22:38]}
44... Bb3 {[%clk 0:52:52]} 45. Rc6+ {[%clk 0:21:37]} 45... Kd7 {[%clk 0:53:09]}
46. Ra6 {[%clk 0:20:53]} 46... Kc7 {[%clk 0:52:38]} 47. Ra7+ {[%clk 0:20:11]}
47... Kb6 {[%clk 0:52:51]} 48. Ra8 {[%clk 0:20:17]} 48... Rxa8 {[%clk 0:52:58]}
49. Bxa8 {[%clk 0:20:41]} 49... Kb5 {[%clk 0:53:23]} 50. g5 {[%clk 0:19:48]}
50... Kxb4 {[%clk 0:53:29]} 51. Be4 {[%clk 0:20:07]} 51... Kc3 {[%clk 0:52:35]}
52. g6 {[%clk 0:20:31]} 52... fxg6 {[%clk 0:52:57]} 53. Bxg6 {[%clk 0:20:54]}
53... Kxd4 {[%clk 0:53:15]} 54. g4 {[%clk 0:20:56]} 54... Kxe5 {[%clk 0:53:34]}
55. Kg3 {[%clk 0:21:05]} 55... Kf6 {[%clk 0:53:39]} 56. Bd3 {[%clk 0:20:57]}
56... Bd5 {[%clk 0:53:24]} 57. Kxh3 {[%clk 0:20:59]} 57... e5 {[%clk 0:53:41]}
58. Kg3 {[%clk 0:21:05]} 58... e4 {[%clk 0:51:50]} 59. Bxe4 {[%clk 0:20:48]}
59... Bxe4 {[%clk 0:52:10]} 60. h4 {[%clk 0:21:13]} 60... Kg6 {[%clk 0:52:05]}
61. Kf4 {[%clk 0:21:14]} 61... Bb1 {[%clk 0:51:27]} 62. h5+ {[%clk 0:21:25]}
62... Kh6 {[%clk 0:51:39]} 63. Ke5 {[%clk 0:20:53]} 63... Kg5 {[%clk 0:48:30]}
64. h6 {[%clk 0:20:32]} 64... Kxh6 {[%clk 0:44:30]} 65. Kf6 {[%clk 0:20:27]}
65... Kh7 {[%clk 0:44:33]} 66. g5 {[%clk 0:20:42]} 66... Kg8 {[%clk 0:44:46]}
67. g6 {[%clk 0:20:50]} 67... Bxg6 {[%clk 0:45:02]} 1/2-1/2

[Event "DEM U10w 2018"]
[Site "Willingen GER"]
[Date "2018.05.23"]
[Round "6"]
[White "Pröttel, Ela"]
[Black "Praus, Pia-Rosa"]
[Result "1-0"]
[Termination "normal"]
[Board "5"]
[WhiteElo "1125"]
[BlackElo "1055"]
[WhiteClock "00:02:52"]
[BlackClock "00:26:05"]
[PlyCount "100"]
[WhiteFideId "44582749"]
[BlackFideId "16271815"]
[EventCountry "GER"]
[EventRounds "11"]
[EventType "swiss"]
[EventDate "2018.05.19"]

1. d4 {[%clk 1:15:56]} 1... d6 {[%clk 1:15:26]} 2. Bf4 {[%clk 1:15:54]} 2... g6
{[%clk 1:15:22]} 3. e3 {[%clk 1:16:11]} 3... Bg7 {[%clk 1:15:31]} 4. Nf3 {
[%clk 1:15:01]} 4... Nf6 {[%clk 1:13:59]} 5. Be2 {[%clk 1:14:33]} 5... O-O {
[%clk 1:13:36]} 6. O-O {[%clk 1:14:23]} 6... Nbd7 {[%clk 1:07:41]} 7. c4 {
[%clk 1:08:00]} 7... Re8 {[%clk 1:02:39]} 8. Nc3 {[%clk 1:04:32]} 8... e5 {
[%clk 1:00:11]} 9. dxe5 {[%clk 1:02:46]} 9... dxe5 {[%clk 0:59:57]} 10. Nxe5 {
[%clk 0:59:49]} 10... Nxe5 {[%clk 0:54:21]} 11. Qxd8 {[%clk 1:00:01]} 11...
Rxd8 {[%clk 0:54:12]} 12. Bxe5 {[%clk 0:59:53]} 12... c6 {[%clk 0:53:47]} 13.
Rfd1 {[%clk 0:58:52]} 13... Be6 {[%clk 0:52:38]} 14. Rac1 {[%clk 0:56:07]}
14... Re8 {[%clk 0:49:14]} 15. Bf4 {[%clk 0:50:51]} 15... Rad8 {[%clk 0:47:05]}
16. h3 {[%clk 0:48:09]} 16... Bf5 {[%clk 0:43:13]} 17. Bh2 {[%clk 0:45:24]}
17... Ne4 {[%clk 0:42:36]} 18. Rxd8 {[%clk 0:29:26]} 18... Rxd8 {[%clk 0:43:07]
} 19. Rd1 {[%clk 0:28:50]} 19... Rxd1+ {[%clk 0:42:28]} 20. Nxd1 { [%clk
0:29:09]} 20... Be6 {[%clk 0:40:53]} 21. b3 {[%clk 0:26:20]} 21... Bf5 { [%clk
0:36:52]} 22. f3 {[%clk 0:23:54]} 22... Nc3 {[%clk 0:36:46]} 23. Nxc3 { [%clk
0:22:31]} 23... Bxc3 {[%clk 0:37:03]} 24. e4 {[%clk 0:21:32]} 24... Bd7 { [%clk
0:37:14]} 25. Kf2 {[%clk 0:21:07]} 25... Kg7 {[%clk 0:37:08]} 26. Bb8 { [%clk
0:19:55]} 26... a6 {[%clk 0:37:01]} 27. Kg3 {[%clk 0:17:07]} 27... Bd4 { [%clk
0:36:30]} 28. Kf4 {[%clk 0:15:57]} 28... f6 {[%clk 0:36:26]} 29. e5 { [%clk
0:13:19]} 29... f5 {[%clk 0:35:13]} 30. g4 {[%clk 0:13:17]} 30... Bf2 { [%clk
0:27:32]} 31. Bd3 {[%clk 0:12:21]} 31... fxg4 {[%clk 0:26:24]} 32. fxg4 { [%clk
0:12:03]} 32... Kf7 {[%clk 0:24:33]} 33. Kf3 {[%clk 0:07:02]} 33... Bg1 { [%clk
0:24:12]} 34. Ke4 {[%clk 0:06:31]} 34... h5 {[%clk 0:24:11]} 35. Kf4 { [%clk
0:01:55]} 35... Bh2+ {[%clk 0:23:52]} 36. Kf3 {[%clk 0:01:44]} 36... hxg4+
{[%clk 0:23:34]} 37. hxg4 {[%clk 0:01:23]} 37... g5 {[%clk 0:23:30]} 38. Bf5
{[%clk 0:00:55]} 38... Bxf5 {[%clk 0:23:56]} 39. gxf5 {[%clk 0:01:08]} 39...
Bf4 {[%clk 0:24:05]} 40. e6+ {[%clk 0:01:17]} 40... Kf6 {[%clk 0:24:23]} 41.
Bxf4 {[%clk 0:01:32]} 41... gxf4 {[%clk 0:24:46]} 42. Kxf4 {[%clk 0:01:50]}
42... b5 {[%clk 0:24:32]} 43. cxb5 {[%clk 0:02:09]} 43... cxb5 {[%clk 0:24:56]}
44. Ke4 {[%clk 0:02:12]} 44... a5 {[%clk 0:25:03]} 45. Kd4 {[%clk 0:02:26]}
45... a4 {[%clk 0:24:37]} 46. bxa4 {[%clk 0:02:24]} 46... bxa4 {[%clk 0:25:00]}
47. Kc4 {[%clk 0:02:23]} 47... Ke7 {[%clk 0:25:25]} 48. Kb4 {[%clk 0:02:33]}
48... Kd6 {[%clk 0:25:44]} 49. Kxa4 {[%clk 0:02:52]} 49... Ke7 {[%clk 0:26:05]}
50. Kb5 Ke8 1-0

[Event "DEM U10w 2018"]
[Site "Willingen GER"]
[Date "2018.05.23"]
[Round "6"]
[White "Sickmann, Lisa"]
[Black "Czäczine, Laura"]
[Result "1-0"]
[Termination "normal"]
[Board "6"]
[WhiteElo "1119"]
[BlackElo "1171"]
[WhiteClock "01:17:20"]
[BlackClock "00:36:40"]
[PlyCount "87"]
[WhiteFideId "16267818"]
[BlackFideId "16211448"]
[EventCountry "GER"]
[EventRounds "11"]
[EventType "swiss"]
[EventDate "2018.05.19"]

1. e4 {[%clk 1:15:58]} 1... e5 {[%clk 1:15:57]} 2. Nf3 {[%clk 1:16:22]} 2...
Nc6 {[%clk 1:16:08]} 3. Bc4 {[%clk 1:16:41]} 3... Nf6 {[%clk 1:16:13]} 4. Nc3 {
[%clk 1:17:00]} 4... Nxe4 {[%clk 1:16:29]} 5. Nxe4 {[%clk 1:17:18]} 5... d5 {
[%clk 1:16:49]} 6. Bxd5 {[%clk 1:17:40]} 6... Qxd5 {[%clk 1:17:10]} 7. Nc3 {
[%clk 1:17:56]} 7... Qd8 {[%clk 1:16:44]} 8. d3 {[%clk 1:17:53]} 8... Bf5 {
[%clk 1:15:36]} 9. O-O {[%clk 1:18:04]} 9... Qd7 {[%clk 1:13:22]} 10. Re1 {
[%clk 1:17:52]} 10... Bd6 {[%clk 1:12:53]} 11. d4 {[%clk 1:18:07]} 11... f6 {
[%clk 1:11:30]} 12. dxe5 {[%clk 1:18:20]} 12... fxe5 {[%clk 1:10:46]} 13. Bf4 {
[%clk 1:18:07]} 13... Bg4 {[%clk 1:09:03]} 14. h3 {[%clk 1:18:19]} 14... Bxf3 {
[%clk 1:09:17]} 15. Qxf3 {[%clk 1:18:33]} 15... O-O-O {[%clk 1:07:55]} 16. Bh2
{[%clk 1:18:35]} 16... Nd4 {[%clk 1:04:17]} 17. Qe4 {[%clk 1:18:04]} 17... Rde8
{[%clk 1:03:18]} 18. Ne2 {[%clk 1:17:36]} 18... Nf5 {[%clk 1:00:42]} 19. c3 {
[%clk 1:17:29]} 19... g5 {[%clk 0:56:05]} 20. Ng3 {[%clk 1:17:02]} 20... Nh4 {
[%clk 0:55:16]} 21. Nh5 {[%clk 1:17:11]} 21... Re6 {[%clk 0:54:23]} 22. g3 {
[%clk 1:16:17]} 22... Ng6 {[%clk 0:50:10]} 23. Qf5 {[%clk 1:14:44]} 23... Be7 {
[%clk 0:40:58]} 24. Rad1 {[%clk 1:13:43]} 24... Qc6 {[%clk 0:38:23]} 25. Ng7 {
[%clk 1:13:54]} 25... Rf8 {[%clk 0:36:21]} 26. Qxe6+ {[%clk 1:14:06]} 26...
Qxe6 {[%clk 0:36:20]} 27. Nxe6 {[%clk 1:14:25]} 27... Re8 {[%clk 0:35:50]} 28.
Ng7 {[%clk 1:14:38]} 28... Rg8 {[%clk 0:36:03]} 29. Nf5 {[%clk 1:14:54]} 29...
Bf6 {[%clk 0:35:44]} 30. g4 {[%clk 1:14:50]} 30... Re8 {[%clk 0:35:33]} 31. Rd5
{[%clk 1:14:13]} 31... e4 {[%clk 0:35:35]} 32. Rc5 {[%clk 1:14:02]} 32... c6 {
[%clk 0:34:36]} 33. Nd6+ {[%clk 1:14:24]} 33... Kd8 {[%clk 0:34:45]} 34. Nxe8 {
[%clk 1:14:44]} 34... Kxe8 {[%clk 0:35:13]} 35. Rxe4+ {[%clk 1:14:58]} 35...
Be7 {[%clk 0:35:27]} 36. Bd6 {[%clk 1:15:15]} 36... Nh4 {[%clk 0:35:36]} 37.
Rxe7+ {[%clk 1:15:25]} 37... Kd8 {[%clk 0:35:54]} 38. Ra5 {[%clk 1:15:28]}
38... Nf3+ {[%clk 0:36:10]} 39. Kg2 {[%clk 1:15:47]} 39... Nh4+ {[%clk 0:36:28]
} 40. Kg3 {[%clk 1:16:14]} 40... a6 {[%clk 0:36:32]} 41. Rxb7 {[%clk 1:16:38]}
41... Ng6 {[%clk 0:36:22]} 42. Rxa6 {[%clk 1:17:02]} 42... Ne7 {[%clk 0:36:39]}
43. Rxe7 {[%clk 1:17:20]} 43... h5 {[%clk 0:36:40]} 44. Ra8# 1-0

[Event "DEM U10w 2018"]
[Site "Willingen GER"]
[Date "2018.05.23"]
[Round "6"]
[White "Schwenke, Mia"]
[Black "Khanbekyan, Nare"]
[Result "0-1"]
[Termination "normal"]
[Board "8"]
[WhiteElo "1062"]
[BlackElo "1123"]
[WhiteClock "00:25:29"]
[BlackClock "00:33:55"]
[PlyCount "56"]
[WhiteFideId "16263332"]
[BlackFideId "16270916"]
[EventCountry "GER"]
[EventRounds "11"]
[EventType "swiss"]
[EventDate "2018.05.19"]

1. e4 {[%clk 1:15:59]} 1... c5 {[%clk 1:15:48]} 2. Nf3 {[%clk 1:16:09]} 2... d6
{[%clk 1:15:57]} 3. d4 {[%clk 1:16:04]} 3... cxd4 {[%clk 1:16:13]} 4. Nxd4 {
[%clk 1:16:09]} 4... Nf6 {[%clk 1:16:20]} 5. Nc3 {[%clk 1:16:24]} 5... g6 {
[%clk 1:15:58]} 6. Be3 {[%clk 1:16:30]} 6... Bg7 {[%clk 1:15:53]} 7. f3 { [%clk
1:15:49]} 7... O-O {[%clk 1:16:03]} 8. Bc4 {[%clk 1:15:56]} 8... Nc6 { [%clk
1:15:23]} 9. Qd2 {[%clk 1:15:21]} 9... Bd7 {[%clk 1:15:29]} 10. O-O-O { [%clk
1:14:35]} 10... Rc8 {[%clk 1:14:51]} 11. Bb3 {[%clk 1:14:18]} 11... Nxd4 12.
Bxd4 {[%clk 1:14:32]} 12... b5 {[%clk 1:14:07]} 13. Bxa7 {[%clk 1:13:45]} 13...
b4 {[%clk 1:13:17]} 14. Ne2 {[%clk 1:13:13]} 14... Qa5 {[%clk 1:12:54]} 15. Be3
{[%clk 1:12:20]} 15... Ba4 {[%clk 1:12:32]} 16. Qd3 {[%clk 1:06:13]} 16... Rc6
{[%clk 1:02:50]} 17. Bd2 {[%clk 1:03:37]} 17... Bxb3 {[%clk 1:02:09]} 18. Qxb3
{[%clk 1:03:09]} 18... Rfc8 {[%clk 1:01:37]} 19. Nd4 {[%clk 1:02:55]} 19... Rc4
{[%clk 0:59:44]} 20. Be1 {[%clk 0:43:22]} 20... Nxe4 {[%clk 0:45:29]} 21. fxe4
{[%clk 0:37:02]} 21... Bxd4 {[%clk 0:43:55]} 22. Rxd4 {[%clk 0:35:35]} 22...
Rxd4 {[%clk 0:42:23]} 23. c3 {[%clk 0:34:16]} 23... Rxe4 {[%clk 0:41:03]} 24.
Rf1 {[%clk 0:29:39]} 24... e6 {[%clk 0:39:31]} 25. Qd1 {[%clk 0:26:28]} 25...
Qxa2 {[%clk 0:37:09]} 26. Qf3 {[%clk 0:26:16]} 26... Qa1+ {[%clk 0:35:51] } 27.
Kd2 {[%clk 0:25:50]} 27... bxc3+ {[%clk 0:34:02]} 28. Kd3 {[%clk 0:25:29] }
28... Qb1# {[%clk 0:33:55]} 0-1